Film time : proficiency 1

Saved in:
Bibliographic Details
Main Author: Δαβανέλλος, Νίκος
Other Authors: Choleva, Roula
Format: Book
Language:English
Published: Lamia : Inguana Press, c1995
Subjects:
Tags: Add Tag
No Tags, Be the first to tag this record!

MARC

LEADER 00000cam a2200000 i 4500
001 1/21849
008 010927s1995 eng d
020 |a 960-85702-4-7 
035 |l 10067368 
040 |a GR-MY-UA  |b gre  |e aacr 
041 0 |a eng 
082 0 |a 428.24 
100 1 |a Δαβανέλλος, Νίκος. 
245 1 0 |a Film time :  |b proficiency 1 /  |c Akis Davallos; Roula Choleva 
260 |a Lamia :   |b Inguana Press,   |c c1995 
300 |a 24 p.  |b ill. 
650 0 0 |a English language  |x Study and teaching  |x Foreign speakers. 
650 0 0 |a English language  |x Composition and exercises. 
700 1 |a Choleva, Roula. 
852 |a INST  |b LESVOS  |e 20010927  |h 428.24 ΔΑΒ  |p 005100028666  |q 005100028666  |t BK  |y 0 
852 |a INST  |b LESVOS  |e 20010927  |h 428.24 ΔΑΒ  |p 005100028667  |q 005100028667  |t BK  |y 0 
852 |a INST  |b LESVOS  |e 20010927  |h 428.24 ΔΑΒ  |p 005100028668  |q 005100028668  |t BK  |y 0 
852 |a INST  |b LESVOS  |e 20010927  |h 428.24 ΔΑΒ  |p 005100028669  |q 005100028669  |t BK  |y 0 
852 |a INST  |b LESVOS  |e 20010927  |h 428.24 ΔΑΒ  |p 005100028670  |q 005100028670  |t BK  |y 0 
901 |a BIBL1-2001-3 
909 |a Λ  |b 088619 
909 |a Λ  |b 088620 
909 |a Λ  |b 088621 
909 |a Λ  |b 088622 
909 |a Λ  |b 088623 
970 |a ΤΖΑΦΕΡΗ  |b ΕΥΑΓΓΕΛΙΑ  |z 2001/09/27